Fúzia spoločnosti splynutím

Článok rozoberá podnikovú premenu, konkrétne splynutie dvoch obchodných spoločností. Existujúce spoločnosti A a B zaniknú a ako ich právny nástupca vznikne nová spoločnosť C. Aké sú najvýznamnejšie právne, účtovné a daňové súvislosti tejto fúzie, sa už dočítate v texte článku.

Gespeichert in:
Bibliographische Detailangaben
1. Verfasser: Pastierik, Vladimír
Format: Buchkapitel
Sprache:Slowakisch
Schlagworte:
Tags: Tag hinzufügen
Keine Tags, Fügen Sie das erste Tag hinzu!

MARC

LEADER 00000naa a2200000 4500
001 0311411
005 20250703092825.0
041 0 |a slo 
044 |a SK 
245 1 0 |a Fúzia spoločnosti splynutím  |c Vladimír Pastierik 
520 |a Článok rozoberá podnikovú premenu, konkrétne splynutie dvoch obchodných spoločností. Existujúce spoločnosti A a B zaniknú a ako ich právny nástupca vznikne nová spoločnosť C. Aké sú najvýznamnejšie právne, účtovné a daňové súvislosti tejto fúzie, sa už dočítate v texte článku. 
610 2 0 |a fúzie 
610 2 0 |a spoločnosti obchodné 
610 2 0 |a ekonomika 
610 2 0 |a účtovníctvo 
610 2 0 |a firmy 
100 1 |a Pastierik, Vladimír